000 00405cam a2200145ua 4500
041 _aeng
_h
082 _a330.1543
_bTHE/EA
100 _aTheocharris, D.Reghhinos .
245 _aEnglish devolpment in Mathematical Economics /
_cD.Reghhinos.
_hTextual Documents
260 _aLondon :
_bMacMillan and Company Limited ,
_c1961.
300 _a142 ; .
504 _a
942 _cBK
999 _c12403
_d12403